Physics / (Record no. 544210)

000 -LEADER
fixed length control field 00687cam a2200205 i 4500
020 ## - INTERNATIONAL STANDARD BOOK NUMBER
International Standard Book Number 047134530X
082 ## - DEWEY DECIMAL CLASSIFICATION NUMBER
Classification number 530.02462
Author Mark RES
100 1# - MAIN ENTRY--PERSONAL NAME
Personal name Halliday, David,
9 (RLIN) 5033
245 10 - TITLE STATEMENT
Title Physics /
Statement of responsibility, etc. David Halliday, Robert Resnick.
250 ## - EDITION STATEMENT
Edition statement Parts I
260 ## - PUBLICATION, DISTRIBUTION, ETC.
Place of publication, distribution, etc. New York :
Name of publisher, distributor, etc. Wiley,
Date of publication, distribution, etc. c1966.
300 ## - PHYSICAL DESCRIPTION
Extent xvii, 646, 63 p. :
Other physical details ill. ;
Dimensions 26 cm.
500 ## - GENERAL NOTE
General note 2 volume 3d ed. cataloged under Robert Resnick.
500 ## - GENERAL NOTE
General note Published in 1960 and 1962 under title: Physics for students of science and engineering.
526 ## - STUDY PROGRAM INFORMATION NOTE
Program name 0
Interest level 0
Reading level 0
Title point value 530_024620000000000_RES
526 ## - STUDY PROGRAM INFORMATION NOTE
Program name 0
Interest level 0
Reading level 0
Title point value 530_024620000000000_RES
650 #0 - SUBJECT ADDED ENTRY--TOPICAL TERM
Topical term or geographic name entry element Physics.
700 1# - ADDED ENTRY--PERSONAL NAME
Personal name Resnick, Robert,
9 (RLIN) 8684
942 ## - ADDED ENTRY ELEMENTS (KOHA)
Source of classification or shelving scheme
Koha item type Book
Holdings
Withdrawn status Lost status Source of classification or shelving scheme Damaged status Not for loan Permanent Location Current Location Date acquired Total Checkouts Full call number Barcode Date last seen Price effective from Koha item type Total Renewals Date last checked out
          Military College of Engineering (MCE) Military College of Engineering (MCE) 04/15/2014   530.02462 RES MCE-30955 04/15/2014 04/15/2014 Book    
          Military College of Engineering (MCE) Military College of Engineering (MCE) 06/08/2015 2 530.02462 RES MCE-32496 01/06/2020 06/08/2015 Book 1 10/28/2019
© 2023 Central Library, National University of Sciences and Technology. All Rights Reserved.